000 00538cam a2200181 4500500
005 20260329003723.0
041 _afre
042 _adc
100 1 0 _aGalou, Adam
_eauthor
245 0 0 _aÉchouer encore, échouer mieux
260 _c2016.
500 _a55
690 _aCharles Pépin
690 _aÉchec
690 _aréussite
786 0 _nPhilosophie magazine | 103 | 10 | 2016-10-01 | p. 22-26 | 1951-1787
856 4 1 _uhttps://shs.cairn.info/magazine-philosophie-magazine-2016-10-page-22?lang=fr&redirect-ssocas=7080
999 _c1827037
_d1827037